El proyecto de educación ambiental en prevención de desastres: libro para maestros
Uloženo v:
| Hlavní autoři: | , , |
|---|---|
| Médium: | Kniha |
| Jazyk: | španělština |
| Vydáno: |
Bogotá
Universidad Pedagógica Nacional
1997
|
| Témata: | |
| Tagy: |
Přidat tag
Žádné tagy, Buďte první, kdo vytvoří štítek k tomuto záznamu!
|
MARC
| LEADER | 00000nam a2200000 a 4500 | ||
|---|---|---|---|
| 001 | UCM9121 | ||
| 003 | CL-VaPUC | ||
| 008 | 030411e19970000CK |||||||||||||||||spa|d | ||
| 082 | 0 | 4 | |a 372.357 |b TAL |2 21 |
| 100 | 0 | |a Talero de Husaín, Elsa Leonor |e author |9 475526 | |
| 700 | 0 | |a Umaña de Gauthier, Gloria |e author |9 475527 | |
| 700 | 0 | |a Chávez, Gilma |e author |9 475528 | |
| 245 | 1 | 3 | |a El proyecto de educación ambiental en prevención de desastres: libro para maestros |
| 300 | |a 84 p | ||
| 942 | |c BK | ||
| 945 | |d 20030411 00:00:00 |a cmena | ||
| 260 | |a Bogotá |b Universidad Pedagógica Nacional |c 1997 | ||
| 650 | 0 | |a Educación ambiental |9 262920 | |
| 650 | 0 | |a Métodos de enseñanza |9 270413 | |
| 650 | 0 | |a Planificación de la educación |9 307333 | |
| 650 | 0 | |a Desastres naturales |9 269276 | |
| 583 | |a last modification |c 20030411 00:00:00 |k Rodrigo Vera | ||
| 999 | |c 303497 |d 303495 | ||
| 952 | |0 0 |1 0 |4 0 |6 372_357000000000000_TAL_1997 |7 0 |8 P |9 364842 |a BIBEDU |b BIBEDU |c BIBEDU_PB |d 2019-11-21 |i 3439410 |o 372.357 TAL 1997 |p 3439410 |r 2024-01-25 |w 2019-11-21 |y BK |k EDU | ||